000 00720nam a2200253Ia 4500
003 OSt
005 20221007095205.0
006 a|||||r|||| 00| 0
007 ta
008 221006b |||||||| |||| 00| 0 eng d
020 _a8175340202
024 _a1,035
037 _cReference Collections
040 _aLCO
_cLCO
_beng
041 _2eng
_aeng
082 _aZ,80aV3:2, N0
100 _aSnowiss S.
_9700951
245 0 _aJudicial Review and the Law of the Constitution
260 _aDelhi
_bUniversal Law Publishing co. Pvt. Ltd. India
_c1990
300 _a228
650 _aJudicial Review
_9439791
942 _hZ,80aV3:2, N0
_cREF
999 _c1170598
_d1170598